Úvod do matematickej logiky

Saved in:
Bibliographic Details
Main Author: Mathé, Svätoslav
Format: Book
Language:Slovak
Published: Bratislava Dom techn. ČSVTS 1980
Tags: Add Tag
No Tags, Be the first to tag this record!

MARC

LEADER 00000nam a2200000 4500
001 c126439
005 20041019155238.0
041 0 |a slo 
044 |a SK 
245 1 0 |a Úvod do matematickej logiky  |c Svätoslav Mathé 
264 1 |a Bratislava  |b Dom techn. ČSVTS  |c 1980 
300 |a 132 s. 
100 1 |a Mathé, Svätoslav